000
00211nam a22000857a 4500
008
161108b xxu||||| |||| 00| 0 eng d
100
_a
BPI INDIA
_9
1058
245
_a
SUNDER THE SEAHORSE
260
_a
NEW DELHI
_b
BPI
_c
2011
999
_c
3714
_d
3714